| 000 | 01012nam a22003257a 4500 | ||
|---|---|---|---|
| 003 | CHAP | ||
| 005 | 20220329140022.0 | ||
| 008 | 971013s r 00010 d | ||
| 010 | _a45632 | ||
| 011 | _a46604 | ||
| 035 | _a50745 | ||
| 040 | _cCHAP | ||
| 082 |
_a581.192 _bR4 |
||
| 100 | 0 | 0 |
_aReinhold, Leonora _eed. _995783 |
| 245 | _aProgress in phytochemistry | ||
| 260 |
_aOxford : _bPergamon, _c19 - |
||
| 300 | _av. | ||
| 500 | _aLa biblioteca tiene : v.4, v.5 | ||
| 590 |
_aBATCH-UPD _b10 _c20130110 _lUCH01 _h2021 |
||
| 590 |
_aBATCH-UPD _b10 _c20130410 _lUCH01 _h1339 |
||
| 590 |
_aBATCH-UPD _b10 _c20130914 _lUCH01 _h1601 |
||
| 590 |
_aCONVERSION _b10 _c20130109 _lUCH01 _h1325 |
||
| 650 | 1 | 4 |
_aQuĂmica vegetal. _993602 |
| 700 | 0 |
_aHarborne, Jeffrey Barry. _952623 |
|
| 700 | 0 |
_aSwain, Tony. _9110841 |
|
| 901 | _aBK | ||
| 942 | _cLIBRO | ||
| 949 |
_a581.192 R4 _bBC _cLIBRO _d33724000511564 _eLIBRO _fv.4 _h42836 _i50745 _si |
||
| 949 |
_a581.192 R4 _bBC _cLIBRO _d33724000511572 _eLIBRO _fv.5 _h52332 _i50745 _si |
||
| 999 |
_c45632 _d45632 |
||